Excel for finance and Accounting (Record no. 12233)

MARC details
000 -LEADER
fixed length control field 00383nam a22001577a 4500
003 - CONTROL NUMBER IDENTIFIER
control field OSt
008 - FIXED-LENGTH DATA ELEMENTS--GENERAL INFORMATION
fixed length control field 240223b |||||||| |||| 00| 0 eng d
020 ## - INTERNATIONAL STANDARD BOOK NUMBER
International Standard Book Number 9789355517999
082 ## - DEWEY DECIMAL CLASSIFICATION NUMBER
Classification number 004.65 LOE
100 ## - MAIN ENTRY--PERSONAL NAME
Personal name LOHANI,Suraj Kumar
245 ## - TITLE STATEMENT
Title Excel for finance and Accounting
250 ## - EDITION STATEMENT
Edition statement Ed. 1st
260 ## - PUBLICATION, DISTRIBUTION, ETC. (IMPRINT)
Place of publication, distribution, etc New Delhi
Name of publisher, distributor, etc BPB Publications
Date of publication, distribution, etc 2024
300 ## - PHYSICAL DESCRIPTION
Extent 263
942 ## - ADDED ENTRY ELEMENTS (KOHA)
Source of classification or shelving scheme Dewey Decimal Classification
Koha item type Text Books
Holdings
Withdrawn status Lost status Source of classification or shelving scheme Damaged status Not for loan Collection code Home library Current library Date acquired Source of acquisition Currency Cost, normal purchase price Bill Number Total Checkouts Full call number Acc. no. / Barcode Date last seen Actual Cost, discounted price Bill Date Koha item type Date last borrowed
    Dewey Decimal Classification     BBA PIET C-LIBRARY PIET C-LIBRARY 08/02/2024 Zafaa Books and Distributors In rupees 599.00 ZBD0370   004.65 LOE 35513 23/02/2024 437.27 08/02/2024 Reference Books  
    Dewey Decimal Classification     BBA PIET C-LIBRARY PIET C-LIBRARY 08/02/2024 Zafaa Books and Distributors In rupees 599.00 ZBD0370   004.65 LOE 35514 23/02/2024 437.27 08/02/2024 Text Books  
    Dewey Decimal Classification     BBA PIET C-LIBRARY PIET C-LIBRARY 23/03/2024 Zafaa Books and Distributors In rupees 599.00 ZBD0451   004.65 LOE 35656 13/04/2024 437.27 23/03/2024 Text Books  
    Dewey Decimal Classification     BBA PIET C-LIBRARY PIET C-LIBRARY 23/03/2024 Zafaa Books and Distributors In rupees 599.00 ZBD0451   004.65 LOE 35657 13/04/2024 437.27 23/03/2024 Text Books  
    Dewey Decimal Classification     BBA PIET C-LIBRARY PIET C-LIBRARY 23/03/2024 Zafaa Books and Distributors In rupees 599.00 ZBD0451 3 004.65 LOE 35658 26/08/2025 437.27 23/03/2024 Text Books 22/08/2025
    Dewey Decimal Classification     BBA PIET C-LIBRARY PIET C-LIBRARY 23/03/2024 Zafaa Books and Distributors In rupees 599.00 ZBD0451   004.65 LOE 35659 13/04/2024 437.27 23/03/2024 Text Books  
    Dewey Decimal Classification     BBA PIET C-LIBRARY PIET C-LIBRARY 23/03/2024 Zafaa Books and Distributors In rupees 599.00 ZBD0451 1 004.65 LOE 35660 05/03/2026 437.27 23/03/2024 Text Books 24/02/2026
    Dewey Decimal Classification     MBA PIET C-LIBRARY PIET C-LIBRARY 11/04/2025 Zaffa Books INR 599.00 ZBD0031   004.65 LOE 39358 21/04/2025 437.27 11/04/2025 Text Books  
    Dewey Decimal Classification     MBA PIET C-LIBRARY PIET C-LIBRARY 11/04/2025 Zaffa Books INR 599.00 ZBD0031   004.65 LOE 39359 21/04/2025 437.27 11/04/2025 Text Books  

Design & Developed by: PIET Central Library
R70 Miles Stone Pattikalyana Samalkha Panipat 132102
mail ID :- [email protected], Phone No:- 0180-2569700 Ex.216